[Event "COL-ch sf (Women)"]
[Site "Pereira"]
[Date "2024.03.27"]
[Round "1"]
[White "Munoz Monroy, Cinthya Carolina"]
[Black "Espinel Forero, Aura Maria"]
[Result "1/2-1/2"]
[WhiteElo "1950"]
[BlackElo "1719"]
[PlyCount "94"]
[EventDate "2024.03.27"]
[EventType "swiss"]
[EventRounds "9"]
[EventCountry "COL"]
[SourceTitle "CB14_2024"]
[SourceDate "2024.04.01"]
[SourceVersion "1"]
[SourceVersionDate "2024.04.01"]
[SourceQuality "1"]

1. e4 c5 2. c3 Nf6 3. e5 Nd5 4. d4 cxd4 5. Nf3 Nc6 6. Bc4 e6 7. cxd4 d6 8. 0-0 Be7 9. Qe2 0-0 10. Rd1 Qc7 11. Bd2 Rd8 12. Nc3 Nxc3 13. Bxc3 d5 14. Bd3 Bd7 15. Rac1 Rac8 16. h4 f6 17. Bb1 f5 18. Bd2 Qb6 19. Bg5 Bxg5 20. Nxg5 h6 21. Nf3 Be8 22. g4 Ne7 23. g5 hxg5 24. Nxg5 Bf7 25. Rc3 Rxc3 26. bxc3 Rc8 27. Rc1 Nc6 28. Qd2 Na5 29. Bd3 Nc4 30. Qc2 Qb2 31. Qd1 Qxa2 32. Ra1 Qd2 33. Qb1 Qxc3 34. Nxf7 Nd2 35. Qd1 Kxf7 36. Be2 Ke7 37. Rxa7 Rc7 38. Qa4 Nf3+ 39. Bxf3 Qxf3 40. Qb4+ Kf7 41. Rxb7 Qg4+ 42. Kf1 Qd1+ 43. Kg2 Qg4+ 44. Kf1 Qd1+ 45. Kg2 Qg4+ 46. Kf1 Qd1+ 47. Kg2 Qg4+ 1/2-1/2

[Event "COL-chT (Women)"]
[Site "Risaralda"]
[Date "2023.11.20"]
[Round "3.1"]
[White "Pedraza Aldana, Alexandra"]
[Black "Espinel Forero, Aura Maria"]
[Result "0-1"]
[WhiteElo "1297"]
[BlackElo "1541"]
[PlyCount "180"]
[EventDate "2023.11.19"]
[EventType "team-swiss"]
[EventRounds "7"]
[EventCountry "COL"]
[SourceTitle "CB49_2023"]
[SourceDate "2023.12.06"]
[SourceVersion "1"]
[SourceVersionDate "2023.12.06"]
[SourceQuality "1"]
[WhiteTeam "Bogota (W)"]
[BlackTeam "Quindio (W)"]
[WhiteTeamCountry "COL"]
[BlackTeamCountry "COL"]

1. e4 c5 2. c3 Nf6 3. e5 Nd5 4. Bc4 e6 5. Nf3 Nc6 6. d4 cxd4 7. cxd4 d6 8. Qe2 dxe5 9. dxe5 Be7 10. Nc3 Nxc3 11. bxc3 0-0 12. Bd3 b6 13. h4 h6 14. Qe4 g6 15. Bxh6 Qd5 16. Bxf8 Bxf8 17. h5 Bb7 18. hxg6 Qxe4+ 19. Bxe4 fxg6 20. Ng5 Bg7 21. Bxg6 Bxe5 22. Bh7+ Kf8 23. Nxe6+ Ke7 24. Nd4 Nxd4 25. cxd4 Bxd4 26. Rd1 Bc3+ 27. Kf1 Rf8 28. Rh3 Bb4 29. Re3+ Kf6 30. Rf3+ Bxf3 31. gxf3 Rh8 32. Rd7 a5 33. Ke2 Re8+ 34. Be4 Re6 35. Rh7 Ke5 36. Rh5+ Kd4 37. Rd5+ Kc3 38. Rd3+ Kb2 39. Kd1 Rh6 40. f4 Rd6 41. Bd5 Bc3 42. Ke2 Rf6 43. Ke3 b5 44. Kf3 a4 45. Kg4 b4 46. Re3 Bd2 47. Rf3 Rd6 48. Bf7 Kc2 49. Kg5 a3 50. Rh3 Kb2 51. Kg4 Rf6 52. Bb3 Rxf4+ 53. Kg3 Rf6 54. Kg2 Be1 55. f3 Rg6+ 56. Kf1 Bc3 57. Rh2+ Ka1 58. Ke2 Rd6 59. Ke3 Bd4+ 60. Ke2 Bc3 61. Ke3 Rd8 62. f4 Re8+ 63. Kd3 Rf8 64. Kc2 Re8 65. Rf2 Re1 66. f5 Bf6 67. Rg2 Rf1 68. Be6 Bb2 69. Bc4 Rc1+ 70. Kd3 Rc3+ 71. Kd2 Bc1+ 72. Kd1 Rxc4 73. f6 Bh6 74. Rg6 Bf8 75. Rg2 Bc5 76. Kd2 Kxa2 77. Kd3+ Kb3 78. f7 Rc3+ 79. Ke4 a2 80. Rg1 Kb2 81. Rg2+ Rc2 82. Rg1 a1Q 83. Rxa1 Kxa1 84. Kd5 b3 85. Ke6 b2 86. Kd7 b1Q 87. f8Q Bxf8 88. Ke6 Qd1 89. Kf7 Re2 90. Kxf8 Qd7 0-1

[Event "COL-chT (Women)"]
[Site "Risaralda"]
[Date "2023.11.19"]
[Round "2.1"]
[White "Espinel Forero, Aura Maria"]
[Black "Causil Pastrana, Xiomara Rosa"]
[Result "1/2-1/2"]
[WhiteElo "1541"]
[BlackElo "1236"]
[PlyCount "57"]
[EventDate "2023.11.19"]
[EventType "team-swiss"]
[EventRounds "7"]
[EventCountry "COL"]
[SourceTitle "CB49_2023"]
[SourceDate "2023.12.06"]
[SourceVersion "1"]
[SourceVersionDate "2023.12.06"]
[SourceQuality "1"]
[WhiteTeam "Quindio (W)"]
[BlackTeam "Cordoba (W)"]
[WhiteTeamCountry "COL"]
[BlackTeamCountry "COL"]

1. e4 e6 2. Nf3 d5 3. Nc3 Nf6 4. e5 Nfd7 5. d4 c5 6. Be3 Nc6 7. Be2 cxd4 8. Bxd4 Nxd4 9. Qxd4 Bc5 10. Qg4 0-0 11. 0-0 a6 12. Bd3 f5 13. Qg3 b5 14. Ne2 Bb7 15. Nf4 Qe7 16. Rfe1 h6 17. Ng6 Qf7 18. Nxf8 Rxf8 19. Nh4 g5 20. Nxf5 Kh8 21. Ne3 Bd4 22. Ng4 h5 23. c3 Bb6 24. Ne3 d4 25. Nf5 dxc3 26. bxc3 Nc5 27. Nd4 Nxd3 28. Re2 Nf4 29. Rd2 1/2-1/2

[Event "Pereira GP op 2nd"]
[Site "Pereira"]
[Date "2023.10.22"]
[Round "5"]
[White "Soto Ramirez, Andres Camilo"]
[Black "Espinel Forero, Aura Maria"]
[Result "1-0"]
[WhiteElo "1458"]
[BlackElo "1570"]
[PlyCount "68"]
[EventDate "2023.10.21"]
[EventType "swiss"]
[EventRounds "6"]
[EventCountry "COL"]
[SourceTitle "Mega2024 Update 01"]
[Source "Chessbase"]
[SourceDate "2023.11.12"]
[SourceVersion "1"]
[SourceVersionDate "2023.11.12"]
[SourceQuality "1"]

1. e4 c5 2. Nf3 e6 3. d4 cxd4 4. Nxd4 a6 5. Be3 Qc7 6. Qd2 Nf6 7. f3 Nc6 8. Nc3 b5 9. 0-0-0 Be7 10. g4 b4 11. Nb1 d5 12. g5 Nd7 13. Nxc6 Qxc6 14. exd5 exd5 15. Qxd5 Qxd5 16. Rxd5 Bb7 17. Rd2 Bxf3 18. Rg1 Ne5 19. Bd4 Nc6 20. Bxg7 Rg8 21. Bh6 Bc5 22. Rg3 Bh5 23. Bg2 Rc8 24. Rd5 Bf2 25. Rgd3 Be2 26. Bh3 Rc7 27. Rd7 Ra7 28. Rxa7 Nxa7 29. Rd7 Rg6 30. c3 Rc6 31. Kd2 Bb5 32. Rd5 Bc4 33. Bd7+ Ke7 34. Bxc6 Nxc6 1-0

[Event "COL-ch U26 (Women)"]
[Site "Cali"]
[Date "2022.09.30"]
[Round "5"]
[White "Caicedo Anguila, Juliana Andrea"]
[Black "Espinel Forero, Aura Maria"]
[Result "1-0"]
[WhiteElo "1698"]
[BlackElo "1477"]
[PlyCount "69"]
[EventDate "2022.09.28"]
[EventType "swiss"]
[EventRounds "6"]
[EventCountry "COL"]
[SourceTitle "CBM 210 Extra"]
[Source "ChessBase"]
[SourceDate "2022.11.30"]
[SourceVersion "1"]
[SourceVersionDate "2022.11.30"]
[SourceQuality "1"]

1. d4 Nf6 2. Nf3 g6 3. b4 Bg7 4. Bb2 d6 5. c4 0-0 6. e3 c5 7. bxc5 dxc5 8. d5 b6 9. Nc3 Nbd7 10. h3 Ba6 11. Bd3 Qc7 12. 0-0 Rad8 13. Qc2 Bc8 14. Nb5 Qb8 15. a4 a6 16. Nc3 Rfe8 17. Rfb1 Ne5 18. Nxe5 Qxe5 19. Ne4 Qh5 20. Bxf6 exf6 21. Rxb6 Re5 22. f4 Ree8 23. Qf2 f5 24. Nf6+ Bxf6 25. Rxf6 Bd7 26. a5 Rb8 27. Rb6 Rxb6 28. axb6 Bc8 29. Re1 Qh6 30. Qb2 Bb7 31. Qf6 Qf8 32. e4 Re7 33. e5 Qe8 34. Bc2 a5 35. Ra1 1-0

[Event "COL-ch U26 (Women)"]
[Site "Cali"]
[Date "2022.09.30"]
[Round "6"]
[White "Espinel Forero, Aura Maria"]
[Black "Bolanos Calvache, Brigeth Vanessa"]
[Result "1-0"]
[WhiteElo "1477"]
[BlackElo "1651"]
[PlyCount "53"]
[EventDate "2022.09.28"]
[EventType "swiss"]
[EventRounds "6"]
[EventCountry "COL"]
[SourceTitle "CBM 210 Extra"]
[Source "ChessBase"]
[SourceDate "2022.11.30"]
[SourceVersion "1"]
[SourceVersionDate "2022.11.30"]
[SourceQuality "1"]

1. e4 c5 2. f4 e6 3. Nf3 d5 4. Bb5+ Nc6 5. e5 a6 6. Bxc6+ bxc6 7. 0-0 g6 8. Nc3 Ne7 9. d4 cxd4 10. Nxd4 c5 11. Nf3 Qb6 12. Kh1 Bb7 13. Bd2 d4 14. Ne2 Nf5 15. Qe1 Be4 16. Nexd4 Nxd4 17. Qxe4 Rd8 18. Bc3 Bh6 19. Rad1 Nxf3 20. Rxd8+ Qxd8 21. Qxf3 0-0 22. Rd1 Qh4 23. g3 Qe7 24. Qd3 Qb7+ 25. Kg1 Rc8 26. Qd7 Rc7 27. Qe8+ 1-0

[Event "COL Subzt 2.3.4 (Women)"]
[Site "Risarald"]
[Date "2021.11.26"]
[Round "6"]
[White "Ramos Rocha, Natalia"]
[Black "Espinel Forero, Aura Maria"]
[Result "1-0"]
[WhiteElo "1173"]
[BlackElo "1567"]
[PlyCount "93"]
[EventDate "2021.11.23"]
[EventType "swiss"]
[EventRounds "9"]
[EventCountry "COL"]
[SourceTitle "CBM 205 Extra"]
[Source "ChessBase"]
[SourceDate "2022.01.31"]
[SourceVersion "1"]
[SourceVersionDate "2022.01.31"]
[SourceQuality "1"]

1. e4 e6 2. d4 d5 3. Nc3 Nf6 4. Bg5 Be7 5. e5 Nfd7 6. h4 Bxg5 7. hxg5 Qxg5 8. Qd3 h6 9. Nf3 Qd8 10. g4 Nc6 11. 0-0-0 b6 12. g5 Bb7 13. gxh6 gxh6 14. Qe3 Qe7 15. Rxh6 0-0-0 16. Be2 Rxh6 17. Qxh6 f6 18. exf6 Qxf6 19. Qh2 Rh8 20. Qg3 a6 21. Qg4 Ne7 22. Ne5 Nxe5 23. dxe5 Qxe5 24. f4 Qe3+ 25. Kb1 d4 26. Qg7 Rg8 27. Qxe7 dxc3 28. Bc4 Kb8 29. Qxe6 Qxe6 30. Bxe6 Rf8 31. Rf1 cxb2 32. Kxb2 c5 33. Kc3 Kc7 34. Bg4 Bd5 35. a3 b5 36. Rf2 Kb6 37. f5 a5 38. Kb2 Rf6 39. c3 c4 40. Kc1 Kc5 41. Bd1 b4 42. Kb2 Rb6 43. f6 bxa3+ 44. Kxa3 Bf7 45. Ka4 Be8+ 46. Kxa5 Bb5 47. Rf5+ 1-0